Gaming Quiz

Random Gaming Quiz
Score 0/46 Timer 10:00
0 Plays Today
Character Persona % Correct
Yu NarukamiIzanagi
93.9%
Makoto YukiOrpheus
91.8%
Ren AmamiyaArsene
91.8%
Yusuke KitagawaGoemon
91.8%
Goro AkechiRobin Hood
91.8%
Jun KurosuHermes
87.8%
Junpei IoriHermes
87.8%
Chie SatonakaTomoe
87.8%
MorganaZorro
87.8%
Ryuji SakamotoCaptain Kidd
87.8%
Ann TakamakiCarmen
87.8%
Makoto NiijimaJohanna
85.7%
Yosuke HanamuraJiraiya
81.6%
Futaba SakuraNecronomicon
81.6%
Haru OkumuraMilady
81.6%
KoromaruCerberus
77.6%
Yukari TakebaIo
75.5%
Ken AmadaNemesis
75.5%
AigisPalladion
69.4%
Shinjiro AragakiCastor
69.4%
Rise KujikawaHimiko
67.3%
Kanji TatsumiTake-Mikazuchi
65.3%
Yukiko AmagiKonohana Sakuya
63.3%
Character Persona % Correct
Kasumi YoshizawaCendrillon
63.3%
Akihiko SanadaPolydeuces
61.2%
Fuuka YamagishiLucia
61.2%
Tatsuya SuouVulcanus
57.1%
Mitsuru KirijoPenthesilea
55.1%
TeddieKintoki-Douji
55.1%
Maya AmanoMaia
53.1%
Naoto ShiroganeSukuna-Hikona
51%
Lisa SilvermanEros
49%
Yukino MayuzumiVesta
44.9%
MetisPsyche
42.9%
Eikichi MishinaRhadamanthus
40.8%
Katsuya SuouHelios
38.8%
Ulala SerizawaCallisto
36.7%
BaofuOdysseus
36.7%
Masao InabaOgun
34.7%
Naoya ToudouSeimen Kongou
32.7%
Maki SonomuraMaso
30.6%
Eriko KirishimaNike
30.6%
Yuka AyaseHouri
26.5%
Kei NanjoAizen Myouou
24.5%
Reiji KidoBres
24.5%
Hidehiko UesugiNemhain
22.4%
Remove Ads.
Support Sporcle.
Get the best of Sporcle when you Go Orange. This ad-free experience offers more features, more stats, and more fun while also helping to support Sporcle. Thank you for becoming a member.

You're not logged in!

Compare scores with friends on all Sporcle quizzes.
OR
Log In

Show Comments

Extras

Created Sep 29, 2019ReportNominate
Tags:arcana, Character, initial, Persona

Top Quizzes Today


Score Distribution

Your Account Isn't Verified!

In order to create a playlist on Sporcle, you need to verify the email address you used during registration. Go to your Sporcle Settings to finish the process.

Report this User

Report this user for behavior that violates our Community Guidelines.

Details: